• 首页
  • 本馆介绍
  • 公告通知
  • 最新文献
  • 馆藏检索
  • 电子资源
  • 读者导购
  • 参考咨询
  • 我的图书馆
  • 登录
  • 详细信息显示
  • 放入我的书架
  • 预约/预借图书
  • 作者相关作品
  • 分类相关作品
  • 丛书相关作品
  • 出版社相关作品

书目信息

  • 表格格式
  • 工作单格式
  • 卡片格式
题名:
我的原始森林笔记
    
 
作者: ;格日勒其木格·黑鹤 著
分册:  
出版信息: 北京   天天出版社  2018.08
页数: 191页
开本: 24cm
丛书名:
单 册:
中图分类:
科图分类:
主题词: 随笔--作品集--中国--当代 , 风光摄影--摄影集--中国--现代 , 散文--中国 , 散文--作品综合集--中国
电子资源:
ISBN: 978-7-5016-1413-4
000 01052nam0 2200313 450
001 2355375975
005 20120618195725.22
010    @a978-7-5016-1413-4@dCNY39.80
100    @a20190410d2018 cemy0chiy50 ea
101 0  @achi
102    @aCN@b110000
105    @aa z 000cy
106    @ar
200 1  @a我的原始森林笔记@f格日勒其木格·黑鹤著
210    @a北京@c天天出版社@c人民文学出版社@d2018.08
215    @a191页@c彩图@d24cm
306    @a版权页出版社题: 天天出版社有限责任公司
314    @a格日勒其木格·黑鹤, 自然文学作家, 黑龙江省作家协会副主席。
330    @a本书以图文形式记录了作者来到使鹿鄂温克人的传统游猎地生活的日常故事。主要内容包括: 使鹿鄂温克、驯鹿、清晨、熊、随行猎犬、树纹、挠头的小驯鹿等。
606 0  @a随笔@x作品集@y中国@z当代
606 0  @a风光摄影@x摄影集@y中国@z现代
606 0  @a散文@x中国
606 0  @a散文@x作品综合集@x中国
690    @a@v5
690    @aJ424@v5
690    @aI267.1@v4
711 02 @a格日勒其木格·黑鹤@4著
801  0 @aCN@b安徽时代出版发行有限公司@c20190410
905    @dI267.1@e4783
    
    我的原始森林笔记/格日勒其木格·黑鹤著.-北京:天天出版社:人民文学出版社,2018.08
    191页:彩图;24cm
    
    
    ISBN 978-7-5016-1413-4:CNY39.80
    本书以图文形式记录了作者来到使鹿鄂温克人的传统游猎地生活的日常故事。主要内容包括: 使鹿鄂温克、驯鹿、清晨、熊、随行猎犬、树纹、挠头的小驯鹿等。
●
相关链接 在E读中查询图书 在五车中查询图书 在当当中查询图书 在豆瓣中查询图书


正题名:我的原始森林笔记     索取号:I267.1/4783         预约/预借

序号 登录号 条形码 馆藏地/架位号 状态 备注
1 1412161   214121617   第一样本阅览室/ [索取号:I267.1/4783] 在馆    
2 1412162   214121626   第二借阅区/ [索取号:I267.1/4783] 在馆    
3 1412163   214121635   第二借阅区/ [索取号:I267.1/4783] 在馆    
4 1412164   214121644   第二借阅区/ [索取号:I267.1/4783] 在馆    
5 1412165   214121653   第二借阅区/ [索取号:I267.1/4783] 在馆    
唐山师范学院图书馆 欢迎您!
大连网信软件有限公司© 版权所有